000
00306nam a22001097a 4500
082
_a
923.43 WRI'S
100
_a
WRIGHT, PETER
_9
46169
245
_a
SPY CATCHER ,THE CANDID AUTOBIOGRAPHY OF A SENIOR INTELLIGENCE OFFICER
260
_a
RAWALPINDI
_b
ARMY EDUCATION PRESS
_c
1987
300
_a
392P
942
_c
BK
999
_c
567553
_d
567553